Expansion of rubber in Southern Yunnan, China (Record no. 45720)
[ view plain ]
| 000 -LEADER | |
|---|---|
| fixed length control field | 00370nam a2200145Ia 4500 |
| 100 ## - MAIN ENTRY--AUTHOR NAME | |
| Personal name | Chapman EC |
| 245 #0 - TITLE STATEMENT | |
| Title | Expansion of rubber in Southern Yunnan, China |
| 260 ## - PUBLICATION, DISTRIBUTION, ETC. (IMPRINT) | |
| Name of publisher | The Geographical Journal |
| Year of publication | 1991 |
| 300 ## - PHYSICAL DESCRIPTION | |
| Number of Pages | 36-44 |
| 650 ## - SUBJECT ADDED ENTRY--TOPICAL TERM | |
| Topical Term | China |
| 650 ## - SUBJECT ADDED ENTRY--TOPICAL TERM | |
| Topical Term | Natural rubber |
| 650 ## - SUBJECT ADDED ENTRY--TOPICAL TERM | |
| Topical Term | Yunnan Province |
| 942 ## - ADDED ENTRY ELEMENTS (KOHA) | |
| Koha item type | Reprints |
| Withdrawn status | Lost status | Damaged status | Not for loan | Home library | Current library | Date acquired | Serial Enumeration / chronology | Koha item type |
|---|---|---|---|---|---|---|---|---|
| Reprints | RRII Library | RRII Library | 22/12/2021 | Volume 157, Issue 1 | Reprints |